How the streets were made : housing segregation ... Read More
Available copies
- 1 of 1 copy available at LARL/NWRL Consortium.
- 1 of 1 copy available at Lake Agassiz Regional Library. (Show preferred library)
Current holds
0 current holds with 1 total copy.
Show Only Available Copies
| Location | Call Number / Copy Notes | Barcode | Shelving Location | Status | Due Date |
|---|---|---|---|---|---|
| Moorhead Public Library | 305.896 BAI (Text) | 33500013367644 | Main | Available | - |
Record details
- ISBN: 9781469660585
- ISBN: 146966058X
- ISBN: 9781469660592
- ISBN: 1469660598
- Physical Description: xii, 208 pages : illustrations ; 25 cm
- Publisher: Chapel Hill : The University of North Carolina Press, [2020]
Content descriptions
| Bibliography, etc. Note: | Includes bibliographical references and index. |
| Formatted Contents Note: | How the streets were made -- The secret of selling ... Read More |
| Summary, etc.: | "In this book, Yelena Bailey examines the creation ... Read More |
Search for related items by subject
| Genre: | History. |
| LDR | 03167cam a2200565 i 4500 | ||
|---|---|---|---|
| 001 | 359908 | ||
| 003 | LARL_NWRL_CONSORTIUM | ||
| 005 | 20210217115221.0 | ||
| 008 | 200422s2020 ncua b 001 0 eng | ||
| 010 | . | ‡a 2020018379 | |
| 040 | . | ‡aNcU/DLC ‡beng ‡erda ‡cDLC ‡dOCLCO ‡dOCLCQ ‡dYDX ‡dBDX ‡dOCLCF ‡dYDX | |
| 019 | . | ‡a1147899189 | |
| 020 | . | ‡a9781469660585 ‡qhardcover ; ‡qalkaline paper | |
| 020 | . | ‡a146966058X ‡qhardcover ; ‡qalkaline paper | |
| 020 | . | ‡a9781469660592 ‡qpaperback ; ‡qalkaline paper | |
| 020 | . | ‡a1469660598 ‡qpaperback ; ‡qalkaline paper | |
| 020 | . | ‡z9781469660608 ‡qelectronic book | |
| 035 | . | ‡a(OCoLC)1147880787 ‡z(OCoLC)1147899189 | |
| 042 | . | ‡apcc | |
| 043 | . | ‡an-us--- | |
| 082 | 0 | 0. | ‡a305.896/07301732 ‡223 |
| 100 | 1 | . | ‡aBailey, Yelena, ‡eauthor. |
| 245 | 1 | 0. | ‡aHow the streets were made : ‡bhousing segregation and Black life in America / ‡cYelena Bailey. |
| 264 | 1. | ‡aChapel Hill : ‡bThe University of North Carolina Press, ‡c[2020] | |
| 300 | . | ‡axii, 208 pages : ‡billustrations ; ‡c25 cm | |
| 336 | . | ‡atext ‡btxt ‡2rdacontent | |
| 337 | . | ‡aunmediated ‡bn ‡2rdamedia | |
| 338 | . | ‡avolume ‡bnc ‡2rdacarrier | |
| 504 | . | ‡aIncludes bibliographical references and index. | |
| 505 | 0 | . | ‡aHow the streets were made -- The secret of selling the Negro: the creation of black urban consumerism -- From the street to the streets: black literary production and urban space -- Music born of the streets: hip hop's articulations of urban life and identity -- A hood genre: visualizing the streets in TV and film. |
| 520 | . | ‡a"In this book, Yelena Bailey examines the creation of 'the streets' not just as a physical, racialized space produced by segregationist policies but also as a sociocultural entity that has influenced our understanding of blackness in America for decades. Drawing from fields such as media studies, literary studies, history, sociology, film studies, and music studies, this book engages in an interdisciplinary analysis of the how the streets have shaped contemporary perceptions of black identity, community, violence, spending habits, and belonging"-- ‡cProvided by publisher. | |
| 650 | 0. | ‡aAfrican Americans ‡xSegregation. ‡0(LARL_NWRL_CONSORTIUM)13049 | |
| 650 | 0. | ‡aSegregation ‡zUnited States ‡xHistory. | |
| 650 | 0. | ‡aAfrican Americans ‡xSocial life and customs. ‡0(LARL_NWRL_CONSORTIUM)13054 | |
| 650 | 0. | ‡aAfrican Americans ‡xSocial conditions ‡y1975- ‡0(LARL_NWRL_CONSORTIUM)13053 | |
| 650 | 0. | ‡aAfrican Americans ‡xEconomic conditions ‡xHistory ‡y20th century. | |
| 650 | 7. | ‡aAfrican Americans ‡xEconomic conditions. ‡2fast ‡0(LARL_NWRL_CONSORTIUM)13031 | |
| 650 | 7. | ‡aAfrican Americans ‡xSegregation. ‡2fast ‡0(LARL_NWRL_CONSORTIUM)13049 | |
| 650 | 7. | ‡aAfrican Americans ‡xSocial conditions. ‡2fast ‡0(LARL_NWRL_CONSORTIUM)13050 | |
| 650 | 7. | ‡aAfrican Americans ‡xSocial life and customs. ‡2fast ‡0(LARL_NWRL_CONSORTIUM)13054 | |
| 650 | 7. | ‡aSegregation. ‡2fast ‡0(LARL_NWRL_CONSORTIUM)30569 | |
| 651 | 7. | ‡aUnited States. ‡2fast ‡0(LARL_NWRL_CONSORTIUM)54625 | |
| 648 | 7. | ‡aSince 1900 ‡2fast | |
| 655 | 7. | ‡aHistory. ‡2fast | |
| 905 | . | ‡uvanderl | |
| 901 | . | ‡a359908 ‡b ‡c359908 ‡tbiblio ‡soclc | |

Add to basket
Permalink
Disable Highlighting